000 00503 a2200145 4500
245 _aNorton anthology of poetry
_hprint
020 _a0393952428 (pbk.)
250 _a3rd ed.
700 _aAllison, Alexander W. (Alexander Ward)
650 _aENGLISH LITERATURE
005 20191017172136.0
260 _anyu
_bNorton
_cc1983
084 _aPR1174 .N6 1983
300 _aliii, 1452 p.
_b 24 cm.
_cliii, 1452 p. ; 24 cm.
500 _a[edited by] Alexander W. Allison ... [et al.] ; with an essay on ver[s]ification by Jon Stallworthy.
999 _c8489
_d8489